Alfred Adler revisited /

Bibliographic Details
Other Authors: Carlson, Jon, Maniacci, Michael P.
Format: Book
Language:English
Published: New York : Routledge, [2012]
Subjects:

MARC

Tag First Indicator Second Indicator Subfields
LEADER 00000cam a2200000 a 4500
001 in00002722607
005 20151202144749.0
008 110325s2012 nyu b 001 0 eng
010 |a  2011011250 
020 |a 9780415884464 (hardback : alk. paper) 
020 |a 0415884462 (hardback : alk. paper) 
020 |a 9780415884471 (pbk. : alk. paper) 
020 |a 0415884470 (pbk. : alk. paper) 
035 |a (OCoLC)ocn703208414 
040 |a DLC  |c DLC  |d NLM  |d UtOrBLW 
049 |a TXAM 
050 0 0 |a BF175.5.A33  |b A44 2012 
060 0 0 |a 2011 K-388 
060 1 0 |a WM 460 
082 0 0 |a 150.19/53092  |2 22 
245 0 0 |a Alfred Adler revisited /  |c edited by Jon Carlson and Michael P. Maniacci. 
264 1 |a New York :  |b Routledge,  |c [2012] 
264 4 |c ©2012 
300 |a xii, 327 pages ;  |c 24 cm. 
336 |a text  |b txt  |2 rdacontent 
337 |a unmediated  |b n  |2 rdamedia 
338 |a volume  |b nc  |2 rdacarrier 
504 |a Includes bibliographical references and index. 
505 0 |a An introduction to Alfred Adler / Jon Carlson & Michael Maniacci -- The fundamental views of individual psychology / Frank X. Walton -- The differences between individual psychology and psychoanalysis / John West & Don Bubenzer -- The progress of mankind / Bret A. Moore -- On the origin of the striving for superiority and of social interest / Richard E. Watts -- Personality as self-consistent unity / Paul R. Peluso -- Position in family constellation influences personality / Gary D. McKay -- On the essence and origin of character / James Robert Bitter -- Character and talent / Frank Main -- The child's inner life and a sense of community / Terry Kottman & Melissa L. Heston -- Individual psychological education / Guy J. Manaster -- The problem of distance / Robert J. McBrien -- Dreams and dream interpretation / Dorothy Peven -- Life-lie and responsibility in neurosis and psychosis / Mary Frances Schneider -- Physical manifestations of psychic disturbances / Len Sperry -- What is neurosis? / Timothy S. Hartshorne -- The structure of neurosis : Jill D. Duba -- Trick and neurosis / Daniel Eckstein -- Nervous insomnia / Paul Rasmussen & Kevin P. Moore -- Neurotic hunger strike / Alan Stewert -- Melancholia and paranoia / Gerald J. Mozdzierz -- Suicide / Sharyl Trail -- Demoralized children / JoAnna White -- Significance of early recollections / Arthur J. Clark. 
650 0 |a Adlerian psychology. 
600 1 0 |a Adler, Alfred,  |d 1870-1937. 
650 1 2 |a Psychoanalysis. 
650 2 2 |a Neurotic Disorders  |x psychology. 
650 2 2 |a Personality. 
700 1 |a Carlson, Jon. 
700 1 |a Maniacci, Michael P. 
945 |a PromptCat  |b 685944 
946 |a stk 
947 |a A14840479898 
948 |a cataloged  |b h  |c 2011/12/19  |d c  |e dmitchel  |f 8:50:40 am 
994 |a 92  |b TXA 
999 |a MARS 
999 f f |s 11ddc8f5-bd94-332d-9715-2764ccfb6959  |i 1a3d572e-56c2-3762-aedb-42d29d49022b  |t 0 
952 f f |p normal  |a Texas A&M University  |b College Station  |c Sterling C. Evans Library  |d Evans: Library Stacks  |t 0  |e BF175.5.A33 A44 2012  |h Library of Congress classification  |i unmediated -- volume  |m A14840479898 
998 f f |a BF175.5.A33 A44 2012  |t 0  |l Evans: Library Stacks